Biblioteca

Hasta lo último de la tierra : (Registro nro. 37851)

Detalles MARC
000 -LÍDER
Campo fijo de descripción fija 01537aam a2200325 i 4500
001 - NÚMERO DE CONTROL
Campo de control 768714001
003 - IDENTIFICADOR DEL NÚMERO DE CONTROL
Campo de control CO-MdFUSB
005 - FECHA Y HORA DE LA ULTIMA TRANSACCIÓN
control field 20250609163353.0
007 - CAMPO FIJO DE DESCRIPCIÓN FIJA--INFORMACIÓN GENERAL
Campo fijo de descripción fija ta
008 - ELEMENTOS DE LONGITUD FIJA -- INFORMACIÓN GENERAL
Campo fijo de descripción fija -- Información general 220228t1988 -usabco| |||| 00| 0 spa d
020 ## - NÚMERO INTERNACIONAL NORMALIZADO PARA LIBROS
Número Internacional Normalizado del libro 082971216X
040 ## - FUENTE DE CATALOGACIÓN
Idioma de catalogación spa.
Agencia de catalogación original CO-MdFUSB
Agencia que realiza la transcripción CO-MdFUSB
Agencia que realiza la modificación CO-MdFUSBC
Convenciones de la descripción rda
041 ## - CÓDIGO DE IDIOMA
Código de idioma para texto/pista de sonido o título separado spa
082 04 - NÚMERO DE CLASIFICACIÓN DECIMAL DEWEY
Número de clasificación 266.09
Número de la edición del Dewey 23
Clave de autor-Numero de item T891h
100 1# - ASIENTO PRINCIPAL--NOMBRE PERSONAL
Nombre personal Tucker, Ruth A.
Término relacionador autor
240 ## - TITULO UNIFORME
Título uniforme <a href="From Jerusalem to Irian jaya">From Jerusalem to Irian jaya</a>
245 10 - TÍTULO
Título del Material Hasta lo último de la tierra :
Parte restante del título - Subtitulo historia biográfica de la obra misionera
Mención de responsabilidad, etc. / Ruth A. Tucker ; traducido por Jorge Arbeláez Giraldo
264 #1 - PRODUCCIÓN, PUBLICACIÓN, DISTRIBUCIÓN, MANUFACTURA, Y COPYRIGHT
Lugar de producción, publicación, distribución, manufactura Miami, FL., USA :
Nombre del productor, publicador, distribuidor Vida,
Fecha de producción, publicación, distribución, manufactura, o copyright [1988]
264 #4 - PRODUCCIÓN, PUBLICACIÓN, DISTRIBUCIÓN, MANUFACTURA, Y COPYRIGHT
Fecha de producción, publicación, distribución, manufactura, o copyright © 1988
300 ## - DESCRIPCIÓN FÍSICA
Extensión 635 páginas
Dimensiones ; 22 cm
336 ## - TIPO DE CONTENIDO
Término de tipo de contenido texto
Código de tipo de contenido txt
Fuente rdacontent
337 ## - TIPO DE MEDIO
Fuente rdamedia
Nombre del tipo de medio sin mediación
Código del tipo de medio n
338 ## - TIPO DE SOPORTE
Fuente rdacarrier
Nombre del tipo de soporte volumen
Código Tipo de soporte nc
505 ## - NOTA DE CONTENIDO
Nota de contenido con formato preestablecido I. Parte: El avance incontenible; Los primeros siglos: evangelización del Imperio Romano; El avance moravo: el amanecer de las misiones; Las misiones norteamericanas entre los indígenas\ II. Parte: El gran siglo; África; El lejano Oriente; Las islas del Pacífico \III. Parte: La participación va en aumento; Las misioneras solteras; Los voluntarios estudiantiles; Los misioneros sostenidos "por fe"; El surgimiento del pentecostalismo: "Una expansión espectacular" IV. Parte: Misiones en el tercer mundo; métodos y estrategia nuevos
563 ## - NOTA DE ENCUADERNACIÓN
Nota de encuadernación Pasta Dura
650 #7 - ASIENTO SECUNDARIO DE MATERIA - TERMINO TEMÁTICO
9 (RLIN) 409
Término temático o nombre geográfico como elemento de entrada Biografía
700 ## - ASIENTO SECUNDARIO - NOMBRE PERSONAL
Nombre personal Giraldo, Jorge Arbeláez.‏
Responsabilidad traductor
9 (RLIN) 6310
942 ## - TIPO DE MATERIAL (KOHA)
Tipo de Item KOHA Libros General
945 ## - INFORMACIÓN LOCAL DEL REGISTRO
Catalogador JTF-925
Existencias
Estado de Material Estado de Perdido Estado de Dañado No para Préstamo Colección Tomo Biblioteca de Origen Biblioteca Permanente Fecha de Adquisición Total de Préstamos Total de Renovaciones Signatura Topográfica Código de Barras Última vez visto Última vez Préstado Ejemplar/Existencia Fecha de Remplazo Tipo de Material
        Colección General   Biblioteca FUSBC Biblioteca FUSBC 08/08/2011 7 3 G 266.09 T891h 17425 12/12/2019 08/08/2018 2016-12-02 26/01/2016 Libros General
        Colección General   Biblioteca FUSBC Biblioteca FUSBC 07/01/2005 2 1 G 266.09 T891h 6178 12/12/2019 20/02/2017 2016-12-02 26/01/2016 Libros General
        Colección General   Biblioteca FUSBC Biblioteca FUSBC 07/01/2005 4 3 G 266.09 T891h 6079 12/12/2019 25/02/2017 2016-12-02 26/01/2016 Libros General

Biblioteca FUSBC | Teléfono: (57+4) 349 88 10 Ext. 141| WhatsApp (+57) 3005338115 
E-mail: biblioteca@unisbc.edu.co | Calle 76 87-14 Robledo Palenque, Medellín, Colombia

Con tecnología Koha